LIBRARY & INFORMATION CENTRE, KCAET, TAVANUR

ONLINE PUBLIC ACCESS CATALOGUE (OPAC)

Competitive book of agriculture (Record no. 14850)

MARC details
000 -LEADER
fixed length control field 00341nam a22001457a 4500
020 ## - INTERNATIONAL STANDARD BOOK NUMBER
ISBN 9795217221034
020 ## - INTERNATIONAL STANDARD BOOK NUMBER
ISBN 5217221038
082 ## - DEWEY DECIMAL CLASSIFICATION NUMBER
Classification number 630.1076
Item number SUN/CO
100 ## - MAIN ENTRY--AUTHOR NAME
Personal name Sunda, Nem Raj
245 ## - TITLE STATEMENT
Title Competitive book of agriculture
250 ## - EDITION STATEMENT
Edition statement 7th
260 ## - PUBLICATION, DISTRIBUTION, ETC. (IMPRINT)
Place of publication Jaipur
Name of publisher Surahee Publications
Year of publication 2016
300 ## - PHYSICAL DESCRIPTION
Number of Pages 392p
942 ## - ADDED ENTRY ELEMENTS (KOHA)
Koha item type Books
Holdings
Withdrawn status Lost status Damaged status Collection code Home library Current library Shelving location Date acquired Source of acquisition Cost, normal purchase price Full call number Accession Number Koha item type
        KAUAET KAUAET General Stacks 30/03/2017 Vigyan Books, Delhi 325.00 630.1076 SUN/CO 25331 Books
        KAUAET KAUAET General Stacks 30/03/2017 Vigyan Books, Delhi 325.00 630.1076 SUN/CO 25332 Books
        KAUAET KAUAET General Stacks 30/03/2017 Vigyan Books, Delhi 325.00 630.1076 SUN/CO 25333 Books
        KAUAET KAUAET General Stacks 30/03/2017 Vigyan Books, Delhi 325.00 630.1076 SUN/CO 25334 Books
        KAUAET KAUAET General Stacks 30/03/2017 Vigyan Books, Delhi 325.00 630.1076 SUN/CO 25335 Books
free website counter